000 00711nam a2200265Ia 4500
005 20251020182447.0
008 200515s9999 xx 000 0 und d
020 _a978-84-8363-097-6
082 _a552.48.631/T73
100 _aCortés Gimeno, Rafael
100 _aTorrijo Echarri, Francisco Javier
245 0 _aLos suelos y las rocas en ingeniería geológica : herramientas de estudio
260 _aValencia
260 _bUniversidad Politécnica de Valencia
260 _c[2007]
300 _a202 p.
300 _bil., tbl., graf.
500 _a1 ejemplar
650 _aGEOLOGIA
650 _aINGENIERIA GEOLOGICA
650 _aROCAS
650 _aSUELOS
942 _cLIB
999 _c721
_d721